Meet me under the lights / Cassie Miller.
Available copies
- 1 of 2 copies available at LARL/NWRL Consortium.
- 1 of 2 copies available at Lake Agassiz Regional Library. (Show preferred library)
Current holds
0 current holds with 2 total copies.
Show Only Available Copies
| Location | Call Number / Copy Notes | Barcode | Shelving Location | Status | Due Date |
|---|---|---|---|---|---|
| Breckenridge Public Library | Y MIL (Text) | 33500014367700 | New | Checked out | 05/22/2026 |
| Fosston Public Library | Y MIL (Text) | 33500014367718 | New | Available | - |
Record details
- ISBN: 9798217038923
- Physical Description: 380 pages ; 21 cm
- Publisher: New York, NY : Viking, an imprint of Penguin Random House LLC, 2026.
- Copyright: ©2026
Content descriptions
| Summary, etc.: | Childhood friends turned strangers, Eliza and ... Read More High school junior Eliza Crowley is known as the ... Read More |
| Target Audience Note: | Ages Ages 12 and Up Viking. Grades 7-9 Viking. |
Search for related items by subject
| Genre: | Romance fiction. Sports fiction. Novels. |
| LDR | 04828cam a2200769 i 4500 | ||
|---|---|---|---|
| 001 | 483555 | ||
| 003 | LARL_NWRL_CONSORTIUM | ||
| 005 | 20260428203608.0 | ||
| 008 | 260112t20262026nyu d 000 f eng | ||
| 010 | . | ‡a 2025053835 | |
| 040 | . | ‡aDLC ‡beng ‡erda ‡cDLC ‡dOCLCO ‡dNYP ‡dOCLCO ‡dRNL ‡dOCLCO ‡dSDD ‡dYDX | |
| 020 | . | ‡a9798217038923 ‡qtrade paperback | |
| 020 | . | ‡z9798217038930 ‡qelectronic book | |
| 035 | . | ‡a(OCoLC)1523025184 | |
| 042 | . | ‡apcc | |
| 043 | . | ‡an-us-nc | |
| 082 | 0 | 4. | ‡a813/.6 ‡223/eng/20260323 |
| 100 | 1 | . | ‡aMiller, Cassie, ‡eauthor. ‡4aut ‡4http://id.loc.gov/vocabulary/relators/aut ‡1http://id.loc.gov/rwo/agents/n2026500711 |
| 245 | 1 | 0. | ‡aMeet me under the lights / ‡cCassie Miller. |
| 264 | 1. | ‡aNew York, NY : ‡bViking, an imprint of Penguin Random House LLC, ‡c2026. | |
| 264 | 4. | ‡c©2026 | |
| 300 | . | ‡a380 pages ; ‡c21 cm | |
| 334 | . | ‡asingle unit ‡bmono ‡0http://id.loc.gov/vocabulary/issuance/mono | |
| 336 | . | ‡atext ‡btxt ‡2rdacontent ‡0http://id.loc.gov/vocabulary/contentTypes/txt | |
| 337 | . | ‡aunmediated ‡bn ‡2rdamedia ‡0http://id.loc.gov/vocabulary/mediaTypes/n | |
| 338 | . | ‡avolume ‡bnc ‡2rdacarrier ‡0http://id.loc.gov/vocabulary/carriers/nc | |
| 385 | . | ‡mAge group ‡nage ‡aTeenagers ‡2lcdgt ‡0http://id.loc.gov/authorities/demographicTerms/dg2015060011 | |
| 520 | . | ‡aChildhood friends turned strangers, Eliza and Reed, reunite the summer before senior year when their families make a bet to settle the longstanding feud over the local baseball stadium. | |
| 520 | . | ‡aHigh school junior Eliza Crowley is known as the Princess of Fairfield, a farm town in North Carolina that loves two things--tradition and baseball. Although Eliza loves "the game," her life goal is to become a lighting designer on Broadway. Shaking off her reputation as the rich girl and focusing on her town's community theater production are what she's set her sights on this summer, and nothing will stand in her way. That is until Reed Fulton, the grandson of a struggling Fairfield farmer, and ace pitcher of the Fulton Hawks, returns to town. Reed dreams of putting the catastrophe of last season behind him and leading the Hawks to a championship victory against the Crowley Cardinals. When his childhood friend turned stranger, Eliza, strolls back into his life, she makes his heart accelerate quicker than his fastball, and he's not sure he can stay away from the girl he's supposed to despise. Small-town summers and baseball draw Reed and Eliza together, even though the Crowleys and the Fultons are determined to run each other out of town. When the families make a deal to settle their thirty-year-long dispute once and for all, Eliza and Reed are stuck in the middle during the most important summer of their lives. | |
| 521 | . | ‡aAges Ages 12 and Up ‡bViking. | |
| 521 | . | ‡aGrades 7-9 ‡bViking. | |
| 650 | 0. | ‡aLove-hate relationships ‡vFiction. | |
| 650 | 0. | ‡aBaseball ‡vFiction. ‡0(LARL_NWRL_CONSORTIUM)175884 | |
| 650 | 0. | ‡aTheater ‡vFiction. ‡0(LARL_NWRL_CONSORTIUM)175854 | |
| 650 | 0. | ‡aSummer ‡vFiction. ‡0(LARL_NWRL_CONSORTIUM)167348 | |
| 650 | 0. | ‡aHigh school seniors ‡vFiction. | |
| 650 | 0. | ‡aVendetta ‡vFiction. ‡0(LARL_NWRL_CONSORTIUM)167809 | |
| 651 | 0. | ‡aNorth Carolina ‡vFiction. ‡0(LARL_NWRL_CONSORTIUM)166409 | |
| 650 | 1. | ‡aLove-hate relationships ‡vFiction. | |
| 650 | 1. | ‡aBaseball ‡vFiction. ‡0(LARL_NWRL_CONSORTIUM)175884 | |
| 650 | 1. | ‡aTheater ‡vFiction. ‡0(LARL_NWRL_CONSORTIUM)175854 | |
| 650 | 1. | ‡aRomance stories. | |
| 650 | 7. | ‡aYOUNG ADULT FICTION / Sports & Recreation / Baseball & Softball. ‡2bisacsh | |
| 650 | 7. | ‡aYOUNG ADULT FICTION / Lifestyles / Country Life. ‡2bisacsh | |
| 650 | 7. | ‡aYOUNG ADULT FICTION / Social Themes / Class Differences. ‡2bisacsh | |
| 655 | 7. | ‡aRomance fiction. ‡2lcgft | |
| 655 | 7. | ‡aSports fiction. ‡2lcgft | |
| 655 | 7. | ‡aNovels. ‡2lcgft | |
| 758 | . | ‡1http://id.loc.gov/resources/instances/in00024408729 | |
| 758 | . | ‡4http://id.loc.gov/ontologies/bibframe/instanceOf ‡1http://id.loc.gov/resources/works/in00024408729 | |
| 776 | 0 | 8. | ‡iOnline version ‡4http://id.loc.gov/entities/relationships/onlineversion ‡aMiller, Cassie ‡tMeet me under the lights ‡dNew York, NY : Viking, 2026 ‡z9798217038930 ‡w(DLC) 2025053836 |
| 884 | . | ‡aDLC bibframe2marc v3.1-dev ‡g20260113 ‡qDLC ‡uhttps://github.com/lcnetdev/bibframe2marc/tree/v3.1-dev | |
| 905 | . | ‡uvanderl | |
| 901 | . | ‡a483555 ‡bAUTOGEN ‡c483555 ‡tbiblio ‡soclc | |

Add to basket
Permalink
Disable Highlighting